000
00296nam a2200121 a 4500
001
4140
005
20140414131943.0
008
090218s19uu xx 00 eng d
050
_a
TR 372.7
_b
W57 2006
245
_a
Which is bigger? Act. 1.
440
_a
Learning math with Albert
999
_c
112623
_d
112623